Excellence in Management Education : a Case and Research Compendium (Record no. 46489)
[ view plain ]
| 000 -LEADER | |
|---|---|
| fixed length control field | 00506nam a22001817a 4500 |
| 005 - DATE AND TIME OF LATEST TRANSACTION | |
| control field | 20250829123916.0 |
| 008 - FIXED-LENGTH DATA ELEMENTS--GENERAL INFORMATION | |
| fixed length control field | 250829b |||||||| |||| 00| 0 eng d |
| 020 ## - INTERNATIONAL STANDARD BOOK NUMBER | |
| International Standard Book Number | 9789358400830 |
| 041 ## - LANGUAGE CODE | |
| Language code of text/sound track or separate title | eng |
| 082 ## - DEWEY DECIMAL CLASSIFICATION NUMBER | |
| Classification number | 658 SAR |
| 100 ## - MAIN ENTRY--PERSONAL NAME | |
| Author | Sarkar,Subhranghsu Sekhar |
| 245 ## - TITLE STATEMENT | |
| Title | Excellence in Management Education : a Case and Research Compendium |
| 260 ## - PUBLICATION, DISTRIBUTION, ETC. | |
| Place | Mumbai |
| Publisher | Himalaya Publishing House |
| Publication Year | 2024 |
| 300 ## - PHYSICAL DESCRIPTION | |
| Extent | 293;. p. 23 cm |
| 650 ## - SUBJECT ADDED ENTRY--TOPICAL TERM | |
| Subject | Management |
| 700 ## - ADDED ENTRY--PERSONAL NAME | |
| Co-Author | Mangaraj, Sujata |
| 942 ## - ADDED ENTRY ELEMENTS (KOHA) | |
| Koha item type | Books |
| Withdrawn status | Lost status | Source of classification or shelving scheme | Damaged status | Not for loan | Home library | Current library | Shelving location | Accession Date | Price | Total Checkouts | Full call number | Barcode No | Date last seen | Bill Date | Koha item type | Suggested By |
|---|---|---|---|---|---|---|---|---|---|---|---|---|---|---|---|---|
| Dewey Decimal Classification | IMTN | IMTN | Rack 22-B | 08/29/2025 | 570.00 | 658 SAR | 33954 | 08/29/2025 | 08/29/2025 | Books | Gifted by Director (Dr. Rajneesh Chauhan) |